[Event "Deutsche Ländermeisterschaft 2021"]
[Site "Neumünster GER"]
[Date "2021.10.06"]
[Round "7"]
[White "Degenhard, Simon"]
[Black "Weber, Samuel"]
[Result "1/2-1/2"]
[Termination "normal"]
[Board "4.1"]
[WhiteTitle "FM"]
[BlackTitle "FM"]
[WhiteElo "2220"]
[BlackElo "2258"]
[WhiteClock "00:08:40"]
[BlackClock "00:17:41"]
[WhiteTeam "Württemberg"]
[BlackTeam "Hessen"]
[PlyCount "102"]
[WhiteFideId "12944017"]
[BlackFideId "12924008"]
[EventCountry "GER"]
[EventRounds "7"]
[EventType "team-swiss"]
[EventDate "2021.10.01"]

1. e4 {[%clk 1:30:56]} c5 {[%clk 1:30:37]} 2. Nf3 {[%clk 1:31:19]} e6 {[%clk
1:31:02]} 3. Nc3 {[%clk 1:31:42]} Nc6 {[%clk 1:31:24]} 4. d4 {[%clk 1:32:04]}
cxd4 {[%clk 1:31:49]} 5. Nxd4 {[%clk 1:32:28]} Qc7 {[%clk 1:32:08]} 6. g3
{[%clk 1:32:27]} a6 {[%clk 1:29:38]} 7. Bg2 {[%clk 1:32:24]} Nf6 {[%clk
1:29:58]} 8. O-O {[%clk 1:32:23]} Nxd4 {[%clk 1:30:16]} 9. Qxd4 {[%clk
1:32:44]} Bc5 {[%clk 1:30:42]} 10. Bf4 {[%clk 1:32:51]} d6 {[%clk 1:31:03]} 11.
Qd2 {[%clk 1:32:28]} h6 {[%clk 1:30:59]} 12. Rad1 {[%clk 1:32:12]} e5 {[%clk
1:30:15]} 13. Be3 {[%clk 1:32:16]} Bxe3 {[%clk 1:28:52]} 14. fxe3 {[%clk
1:22:37]} Be6 {[%clk 1:28:27]} 15. Qxd6 {[%clk 1:21:11]} Rc8 {[%clk 1:28:12]}
16. Qxc7 {[%clk 1:20:35]} Rxc7 {[%clk 1:26:56]} 17. Rd2 {[%clk 1:19:51]} Ke7
{[%clk 1:22:02]} 18. Nd5+ {[%clk 1:11:29]} Bxd5 {[%clk 1:22:03]} 19. exd5
{[%clk 1:11:56]} Ne8 {[%clk 1:21:44]} 20. Be4 {[%clk 1:02:33]} Nd6 {[%clk
1:17:18]} 21. Bd3 {[%clk 1:01:14]} b5 {[%clk 1:11:16]} 22. e4 {[%clk 0:57:29]}
h5 {[%clk 1:00:21]} 23. Kf2 {[%clk 0:52:53]} f5 {[%clk 0:55:49]} 24. exf5
{[%clk 0:40:39]} Rc5 {[%clk 0:53:03]} 25. Ke3 {[%clk 0:38:38]} Rxd5 {[%clk
0:52:21]} 26. Be2 {[%clk 0:38:24]} Rxd2 {[%clk 0:52:37]} 27. Kxd2 {[%clk
0:38:46]} Kf6 {[%clk 0:52:59]} 28. a4 {[%clk 0:34:28]} h4 {[%clk 0:48:42]} 29.
g4 {[%clk 0:32:48]} Rd8 {[%clk 0:41:15]} 30. axb5 {[%clk 0:31:09]} axb5 {[%clk
0:40:42]} 31. Ke3 {[%clk 0:22:14]} Kg5 {[%clk 0:26:55]} 32. h3 {[%clk 0:21:17]}
Rc8 {[%clk 0:15:20]} 33. Rd1 {[%clk 0:17:44]} Rc6 {[%clk 0:14:08]} 34. Rd5
{[%clk 0:15:41]} Kf6 {[%clk 0:13:31]} 35. Bd3 {[%clk 0:09:27]} Nc4+ {[%clk
0:12:23]} 36. Bxc4 {[%clk 0:09:40]} Rxc4 {[%clk 0:12:49]} 37. Rxb5 {[%clk
0:03:03]} Rxc2 {[%clk 0:13:15]} 38. Rb6+ {[%clk 0:03:25]} Kf7 {[%clk 0:13:41]}
39. Rb7+ {[%clk 0:03:41]} Kf6 {[%clk 0:13:37]} 40. Rb6+ {[%clk 0:04:03]} Kf7
{[%clk 0:14:03]} 41. Ke4 {[%clk 0:01:33]} Re2+ {[%clk 0:09:42]} 42. Kd5 {[%clk
0:01:10]} e4 {[%clk 0:06:49]} 43. Kd4 {[%clk 0:21:25]} e3 {[%clk 0:35:13]} 44.
Kd3 {[%clk 0:19:25]} Rh2 {[%clk 0:33:51]} 45. Kxe3 {[%clk 0:17:13]} Rxh3+
{[%clk 0:33:55]} 46. Kf4 {[%clk 0:16:36]} Rh1 {[%clk 0:26:47]} 47. Rb7+ {[%clk
0:15:55]} Kf8 {[%clk 0:21:51]} 48. g5 {[%clk 0:14:04]} h3 {[%clk 0:20:25]} 49.
g6 {[%clk 0:08:33]} Rf1+ {[%clk 0:17:53]} 50. Kg3 {[%clk 0:08:43]} Rxf5 {[%clk
0:17:30]} 51. Kxh3 {[%clk 0:08:40]} Rf6 {[%clk 0:17:41]} 1/2-1/2

[Event "Deutsche Ländermeisterschaft 2021"]
[Site "Neumünster GER"]
[Date "2021.10.06"]
[Round "7"]
[White "Lesny, Florian"]
[Black "Geltz, Noah"]
[Result "1-0"]
[Termination "normal"]
[Board "4.2"]
[WhiteElo "2171"]
[BlackElo "2088"]
[WhiteClock "00:36:44"]
[BlackClock "00:42:56"]
[WhiteTeam "Hessen"]
[BlackTeam "Württemberg"]
[PlyCount "55"]
[WhiteFideId "12973874"]
[BlackFideId "16224256"]
[EventCountry "GER"]
[EventRounds "7"]
[EventType "team-swiss"]
[EventDate "2021.10.01"]

1. e4 {[%clk 1:30:57]} c5 {[%clk 1:30:40]} 2. Nf3 {[%clk 1:31:18]} d6 {[%clk
1:30:53]} 3. d4 {[%clk 1:31:40]} cxd4 {[%clk 1:31:13]} 4. Nxd4 {[%clk 1:32:04]}
Nf6 {[%clk 1:31:31]} 5. Nc3 {[%clk 1:32:26]} g6 {[%clk 1:31:50]} 6. Be3 {[%clk
1:32:42]} Bg7 {[%clk 1:32:07]} 7. f3 {[%clk 1:33:02]} O-O {[%clk 1:31:55]} 8.
Qd2 {[%clk 1:33:09]} Nc6 {[%clk 1:31:54]} 9. Bc4 {[%clk 1:32:57]} Bd7 {[%clk
1:31:26]} 10. h4 {[%clk 1:31:56]} Nxd4 {[%clk 1:30:19]} 11. Bxd4 {[%clk
1:31:32]} Rc8 {[%clk 1:29:05]} 12. Bb3 {[%clk 1:31:02]} b5 {[%clk 1:27:12]} 13.
h5 {[%clk 1:22:57]} b4 {[%clk 1:16:42]} 14. Nd5 {[%clk 1:17:54]} Nxd5 {[%clk
1:15:02]} 15. Bxg7 {[%clk 1:16:07]} Kxg7 {[%clk 1:14:38]} 16. Bxd5 {[%clk
1:11:20]} e6 {[%clk 1:09:59]} 17. hxg6 {[%clk 1:04:20]} hxg6 {[%clk 1:10:15]}
18. Bb3 {[%clk 0:53:00]} Bb5 {[%clk 0:43:43]} 19. O-O-O {[%clk 0:48:44]} a5
{[%clk 0:41:54]} 20. Qh6+ {[%clk 0:44:44]} Kf6 {[%clk 0:42:10]} 21. Qf4+ {[%clk
0:41:51]} Kg7 {[%clk 0:41:38]} 22. Rxd6 {[%clk 0:39:15]} Qe7 {[%clk 0:40:55]}
23. Qh6+ {[%clk 0:36:03]} Kf6 {[%clk 0:41:19]} 24. Qh4+ {[%clk 0:36:05]} g5
{[%clk 0:41:45]} 25. Qh6+ {[%clk 0:36:07]} Ke5 {[%clk 0:42:06]} 26. Qh2+ {[%clk
0:36:16]} Kf6 {[%clk 0:42:30]} 27. e5+ {[%clk 0:36:28]} Kg6 {[%clk 0:42:56]}
28. Qh7# {[%clk 0:36:44]} 1-0

[Event "Deutsche Ländermeisterschaft 2021"]
[Site "Neumünster GER"]
[Date "2021.10.06"]
[Round "7"]
[White "Ensslinger, Colin"]
[Black "Laux, Dominik"]
[Result "0-1"]
[Termination "normal"]
[Board "4.3"]
[WhiteElo "1708"]
[BlackElo "2162"]
[WhiteClock "00:20:49"]
[BlackClock "00:45:51"]
[WhiteTeam "Württemberg"]
[BlackTeam "Hessen"]
[PlyCount "70"]
[WhiteFideId "16226011"]
[BlackFideId "12994219"]
[EventCountry "GER"]
[EventRounds "7"]
[EventType "team-swiss"]
[EventDate "2021.10.01"]

1. e4 {[%clk 1:30:58]} c5 {[%clk 1:30:33]} 2. Nf3 {[%clk 1:31:23]} d6 {[%clk
1:30:54]} 3. d4 {[%clk 1:31:48]} cxd4 {[%clk 1:31:20]} 4. Nxd4 {[%clk 1:32:15]}
Nf6 {[%clk 1:31:44]} 5. Nc3 {[%clk 1:32:36]} a6 {[%clk 1:32:10]} 6. Be3 {[%clk
1:31:35]} e5 {[%clk 1:31:58]} 7. Nb3 {[%clk 1:31:58]} Be7 {[%clk 1:32:05]} 8.
f3 {[%clk 1:32:18]} Be6 {[%clk 1:31:45]} 9. Qd2 {[%clk 1:31:41]} h5 {[%clk
1:32:01]} 10. Rd1 {[%clk 1:11:32]} Nbd7 {[%clk 1:30:11]} 11. Nd5 {[%clk
1:06:11]} Bxd5 {[%clk 1:25:08]} 12. exd5 {[%clk 1:03:21]} Qc7 {[%clk 1:23:30]}
13. c3 {[%clk 1:02:18]} Nb6 {[%clk 1:23:11]} 14. Bxb6 {[%clk 1:01:25]} Qxb6
{[%clk 1:23:33]} 15. Qf2 {[%clk 1:01:34]} Bd8 {[%clk 1:22:34]} 16. g3 {[%clk
0:47:07]} g6 {[%clk 1:14:52]} 17. Bd3 {[%clk 0:41:46]} Qxf2+ {[%clk 1:09:36]}
18. Kxf2 {[%clk 0:42:10]} Bb6+ {[%clk 1:09:46]} 19. Ke2 {[%clk 0:42:34]} Nd7
{[%clk 1:08:26]} 20. Nd2 {[%clk 0:37:33]} f5 {[%clk 1:06:03]} 21. Nc4 {[%clk
0:37:54]} Ke7 {[%clk 1:00:59]} 22. h3 {[%clk 0:33:23]} Rac8 {[%clk 0:58:05]}
23. Nxb6 {[%clk 0:26:07]} Nxb6 {[%clk 0:58:30]} 24. Bb1 {[%clk 0:23:52]} Rc5
{[%clk 0:58:17]} 25. g4 {[%clk 0:23:29]} Kf6 {[%clk 0:52:54]} 26. gxf5 {[%clk
0:22:01]} gxf5 {[%clk 0:53:14]} 27. Rhg1 {[%clk 0:20:18]} Rxd5 {[%clk 0:46:16]}
28. h4 {[%clk 0:20:27]} Rxd1 {[%clk 0:46:27]} 29. Kxd1 {[%clk 0:20:51]} d5
{[%clk 0:46:22]} 30. Rg5 {[%clk 0:20:38]} e4 {[%clk 0:46:38]} 31. fxe4 {[%clk
0:20:22]} dxe4 {[%clk 0:45:31]} 32. b3 {[%clk 0:19:58]} Nd5 {[%clk 0:45:04]}
33. c4 {[%clk 0:19:59]} Nc3+ {[%clk 0:45:10]} 34. Kc2 {[%clk 0:20:23]} Nxb1
{[%clk 0:45:35]} 35. Kxb1 {[%clk 0:20:49]} e3 {[%clk 0:45:51]} 0-1

[Event "Deutsche Ländermeisterschaft 2021"]
[Site "Neumünster GER"]
[Date "2021.10.06"]
[Round "7"]
[White "Bakiev, Diyor"]
[Black "Schwartz, Oliver"]
[Result "1-0"]
[Termination "normal"]
[Board "4.4"]
[WhiteElo "2096"]
[BlackElo "1761"]
[WhiteClock "00:00:38"]
[BlackClock "00:01:39"]
[WhiteTeam "Hessen"]
[BlackTeam "Württemberg"]
[PlyCount "69"]
[WhiteFideId "16241584"]
[BlackFideId "16207459"]
[EventCountry "GER"]
[EventRounds "7"]
[EventType "team-swiss"]
[EventDate "2021.10.01"]

1. e4 {[%clk 1:30:53]} c5 {[%clk 1:30:54]} 2. Nf3 {[%clk 1:31:03]} d6 {[%clk
1:30:12]} 3. c3 {[%clk 1:31:24]} Nf6 {[%clk 1:30:09]} 4. Be2 {[%clk 1:31:06]}
g6 {[%clk 1:27:29]} 5. O-O {[%clk 1:31:11]} Bg7 {[%clk 1:26:09]} 6. Re1 {[%clk
1:30:43]} O-O {[%clk 1:24:31]} 7. Bf1 {[%clk 1:30:40]} Nc6 {[%clk 1:20:43]} 8.
h3 {[%clk 1:29:35]} Rb8 {[%clk 1:10:07]} 9. a4 {[%clk 1:20:55]} a6 {[%clk
1:06:55]} 10. d4 {[%clk 1:11:59]} Nd7 {[%clk 0:57:54]} 11. Na3 {[%clk 0:59:28]}
Na7 {[%clk 0:47:53]} 12. b4 {[%clk 0:46:59]} b5 {[%clk 0:39:41]} 13. axb5
{[%clk 0:43:46]} Nxb5 {[%clk 0:39:33]} 14. Nxb5 {[%clk 0:43:26]} axb5 {[%clk
0:39:55]} 15. Ra5 {[%clk 0:37:40]} c4 {[%clk 0:37:38]} 16. Be3 {[%clk 0:35:22]}
Nf6 {[%clk 0:33:45]} 17. Qc2 {[%clk 0:32:09]} d5 {[%clk 0:24:43]} 18. Bf4
{[%clk 0:22:48]} Rb7 {[%clk 0:21:13]} 19. exd5 {[%clk 0:18:41]} Nxd5 {[%clk
0:20:46]} 20. Be5 {[%clk 0:18:24]} Bh6 {[%clk 0:11:20]} 21. g4 {[%clk 0:13:28]}
Be6 {[%clk 0:04:50]} 22. Bg2 {[%clk 0:11:20]} Bf4 {[%clk 0:03:40]} 23. Bxf4
{[%clk 0:04:30]} Nxf4 {[%clk 0:04:05]} 24. Ne5 {[%clk 0:03:32]} Bd5 {[%clk
0:03:58]} 25. Bxd5 {[%clk 0:01:16]} Qxd5 {[%clk 0:04:19]} 26. Qe4 {[%clk
0:01:01]} Nxh3+ {[%clk 0:04:01]} 27. Kf1 {[%clk 0:00:48]} Qxe4 {[%clk 0:03:14]}
28. Rxe4 {[%clk 0:01:17]} Ng5 {[%clk 0:03:11]} 29. Re2 {[%clk 0:01:25]} Rc8
{[%clk 0:02:26]} 30. d5 {[%clk 0:01:04]} f6 {[%clk 0:01:30]} 31. Nc6 {[%clk
0:01:12]} Kf7 {[%clk 0:01:42]} 32. Ra7 {[%clk 0:00:35]} Rxa7 {[%clk 0:01:43]}
33. Nxa7 {[%clk 0:01:03]} Rb8 {[%clk 0:01:39]} 34. Nc6 {[%clk 0:00:38]} Re8 35.
Kg2 1-0

[Event "Deutsche Ländermeisterschaft 2021"]
[Site "Neumünster GER"]
[Date "2021.10.06"]
[Round "7"]
[White "Chugunov, Ivan"]
[Black "Reinecke, Katharina"]
[Result "1/2-1/2"]
[Termination "normal"]
[Board "4.5"]
[WhiteElo "1515"]
[BlackElo "1945"]
[WhiteClock "00:42:03"]
[BlackClock "00:02:09"]
[WhiteTeam "Württemberg"]
[BlackTeam "Hessen"]
[PlyCount "129"]
[WhiteFideId "16256808"]
[BlackFideId "12929727"]
[EventCountry "GER"]
[EventRounds "7"]
[EventType "team-swiss"]
[EventDate "2021.10.01"]

1. e4 {[%clk 1:30:45]} c6 {[%clk 1:30:55]} 2. Nf3 {[%clk 1:30:59]} d5 {[%clk
1:31:14]} 3. Nc3 {[%clk 1:31:18]} Bg4 {[%clk 1:31:20]} 4. h3 {[%clk 1:31:18]}
Bxf3 {[%clk 1:31:44]} 5. Qxf3 {[%clk 1:31:25]} e6 {[%clk 1:32:08]} 6. Be2
{[%clk 1:28:51]} Nf6 {[%clk 1:27:58]} 7. O-O {[%clk 1:27:46]} Be7 {[%clk
1:14:48]} 8. d3 {[%clk 1:24:54]} Nbd7 {[%clk 1:10:30]} 9. Re1 {[%clk 1:21:27]}
d4 {[%clk 1:06:18]} 10. Nb1 {[%clk 1:19:38]} Qb6 {[%clk 0:57:09]} 11. c3 {[%clk
1:17:30]} c5 {[%clk 0:52:05]} 12. Nd2 {[%clk 1:14:23]} O-O {[%clk 0:49:04]} 13.
Nc4 {[%clk 1:14:06]} Qc7 {[%clk 0:43:37]} 14. a4 {[%clk 1:13:05]} e5 {[%clk
0:40:34]} 15. Bd2 {[%clk 1:08:33]} Rfc8 {[%clk 0:36:16]} 16. Qg3 {[%clk
1:04:12]} Re8 {[%clk 0:28:08]} 17. f4 {[%clk 1:02:45]} Bd6 {[%clk 0:25:38]} 18.
f5 {[%clk 1:02:45]} Bf8 {[%clk 0:24:00]} 19. Qh2 {[%clk 1:01:23]} Nb6 {[%clk
0:23:00]} 20. Nxb6 {[%clk 0:56:40]} Qxb6 {[%clk 0:22:49]} 21. Reb1 {[%clk
0:56:17]} Rac8 {[%clk 0:14:35]} 22. c4 {[%clk 0:55:19]} Qc6 {[%clk 0:12:45]}
23. g4 Kh8 {[%clk 0:12:45]} 24. g5 {[%clk 0:53:38]} Ng8 {[%clk 0:12:54]} 25.
Kf2 {[%clk 0:53:02]} a6 {[%clk 0:09:45]} 26. a5 {[%clk 0:49:47]} b5 {[%clk
0:09:06]} 27. axb6 {[%clk 0:49:14]} Qxb6 {[%clk 0:09:30]} 28. Bd1 {[%clk
0:49:26]} f6 {[%clk 0:01:54]} 29. h4 {[%clk 0:48:21]} Be7 {[%clk 0:02:01]} 30.
Ba5 {[%clk 0:38:57]} Qd6 {[%clk 0:01:53]} 31. Qg3 {[%clk 0:36:25]} Rf8 {[%clk
0:02:04]} 32. g6 {[%clk 0:36:22]} h6 {[%clk 0:01:55]} 33. Kg2 {[%clk 0:35:51]}
Rb8 {[%clk 0:01:55]} 34. Qe1 {[%clk 0:35:33]} Rb7 {[%clk 0:01:36]} 35. Ba4
{[%clk 0:34:13]} Rfb8 {[%clk 0:01:32]} 36. b3 {[%clk 0:33:38]} Rc8 {[%clk
0:01:31]} 37. Ra2 {[%clk 0:33:15]} Bd8 {[%clk 0:01:30]} 38. Bd2 {[%clk
0:31:50]} Rcb8 {[%clk 0:01:41]} 39. Ra3 {[%clk 0:31:28]} Ne7 {[%clk 0:01:38]}
40. Be8 {[%clk 0:31:22]} Ng8 {[%clk 0:00:35]} 41. Bf7 {[%clk 0:30:28]} a5
{[%clk 0:17:41]} 42. Bxg8 {[%clk 0:57:41]} Kxg8 {[%clk 0:17:57]} 43. Rb2 {[%clk
0:57:16]} a4 {[%clk 0:13:43]} 44. Rxa4 {[%clk 0:54:37]} Rxb3 {[%clk 0:09:28]}
45. Rxb3 {[%clk 0:54:46]} Rxb3 {[%clk 0:09:55]} 46. Ra8 {[%clk 0:54:20]} Rb8
{[%clk 0:06:34]} 47. Qa1 {[%clk 0:53:54]} Qb6 {[%clk 0:05:05]} 48. Rxb8 {[%clk
0:53:42]} Qxb8 {[%clk 0:05:33]} 49. Qa6 {[%clk 0:53:11]} Kf8 {[%clk 0:05:13]}
50. Qe6 {[%clk 0:52:26]} Qa7 {[%clk 0:04:46]} 51. Kf2 {[%clk 0:51:18]} h5
{[%clk 0:03:45]} 52. Ke2 {[%clk 0:50:49]} Qe7 {[%clk 0:03:34]} 53. Qxe7+ {[%clk
0:50:25]} Bxe7 {[%clk 0:03:29]} 54. Kd1 {[%clk 0:50:43]} Ke8 {[%clk 0:03:47]}
55. Kc2 {[%clk 0:50:36]} Kd7 {[%clk 0:02:59]} 56. Kb3 {[%clk 0:50:59]} Kc6
{[%clk 0:03:13]} 57. Ka4 {[%clk 0:50:29]} Kb6 {[%clk 0:03:00]} 58. Ba5+ {[%clk
0:50:37]} Kc6 {[%clk 0:03:00]} 59. Bd2 {[%clk 0:49:24]} Kb6 {[%clk 0:03:24]}
60. Bh6 {[%clk 0:48:27]} Bf8 {[%clk 0:03:45]} 61. Bc1 {[%clk 0:48:46]} Be7
{[%clk 0:03:58]} 62. Bd2 {[%clk 0:48:00]} Ka6 {[%clk 0:01:33]} 63. Ba5 {[%clk
0:47:13]} Bd6 {[%clk 0:01:56]} 64. Bd8 {[%clk 0:45:17]} Bf8 {[%clk 0:02:09]}
65. Bc7 {[%clk 0:42:03]} 1/2-1/2

[Event "Deutsche Ländermeisterschaft 2021"]
[Site "Neumünster GER"]
[Date "2021.10.06"]
[Round "7"]
[White "Buchholz, Maja"]
[Black "Wörz, Ann-Sophie"]
[Result "1-0"]
[Termination "normal"]
[Board "4.6"]
[WhiteElo "1748"]
[BlackElo "1560"]
[WhiteClock "01:00:12"]
[BlackClock "00:39:32"]
[WhiteTeam "Hessen"]
[BlackTeam "Württemberg"]
[PlyCount "67"]
[WhiteFideId "16200500"]
[BlackFideId "16265890"]
[EventCountry "GER"]
[EventRounds "7"]
[EventType "team-swiss"]
[EventDate "2021.10.01"]

1. e4 {[%clk 1:30:57]} d6 {[%clk 1:30:56]} 2. d4 {[%clk 1:31:22]} Nf6 {[%clk
1:31:23]} 3. Nc3 {[%clk 1:31:48]} g6 {[%clk 1:31:48]} 4. Be3 {[%clk 1:32:12]}
Bg7 {[%clk 1:32:13]} 5. Qd2 {[%clk 1:32:36]} Nbd7 {[%clk 1:32:28]} 6. Bh6
{[%clk 1:32:47]} O-O {[%clk 1:32:05]} 7. Bxg7 {[%clk 1:28:28]} Kxg7 {[%clk
1:32:30]} 8. f4 {[%clk 1:28:47]} e5 {[%clk 1:31:26]} 9. Nf3 {[%clk 1:28:42]}
exd4 {[%clk 1:30:27]} 10. Qxd4 {[%clk 1:28:26]} Re8 {[%clk 1:26:08]} 11. O-O-O
{[%clk 1:28:10]} c5 {[%clk 1:18:50]} 12. Qxd6 {[%clk 1:26:36]} Nxe4 {[%clk
1:18:25]} 13. Nxe4 {[%clk 1:23:09]} Rxe4 {[%clk 1:18:21]} 14. Bb5 {[%clk
1:14:42]} Qf6 {[%clk 0:54:44]} 15. Bxd7 {[%clk 1:14:12]} Bxd7 {[%clk 0:54:59]}
16. Qxf6+ {[%clk 1:14:05]} Kxf6 {[%clk 0:55:24]} 17. Rxd7 {[%clk 1:14:27]} Re7
{[%clk 0:52:21]} 18. Rhd1 {[%clk 1:14:10]} h6 {[%clk 0:48:11]} 19. Ne5 {[%clk
1:13:34]} Rae8 {[%clk 0:48:15]} 20. g4 {[%clk 1:13:18]} g5 {[%clk 0:46:10]} 21.
R1d6+ {[%clk 1:03:44]} Kg7 {[%clk 0:45:46]} 22. Rxe7 {[%clk 1:02:28]} Rxe7
{[%clk 0:46:05]} 23. Rd7 {[%clk 1:02:48]} Rxd7 {[%clk 0:45:25]} 24. Nxd7 {[%clk
1:03:11]} gxf4 {[%clk 0:43:48]} 25. Kd2 {[%clk 1:02:42]} b6 {[%clk 0:43:54]}
26. Ke2 {[%clk 1:03:00]} Kg6 {[%clk 0:44:15]} 27. h4 {[%clk 1:03:11]} f5 {[%clk
0:40:25]} 28. Kf3 {[%clk 1:03:05]} fxg4+ {[%clk 0:40:25]} 29. Kxg4 {[%clk
1:03:27]} f3 {[%clk 0:40:35]} 30. Kxf3 {[%clk 1:03:53]} Kf5 {[%clk 0:41:01]}
31. a4 {[%clk 1:00:43]} Ke6 {[%clk 0:39:37]} 32. Nb8 {[%clk 1:00:41]} Kd6
{[%clk 0:39:31]} 33. Kg4 {[%clk 1:00:25]} Ke5 {[%clk 0:39:32]} 34. Nc6+ {[%clk
1:00:12]} 1-0

[Event "Deutsche Ländermeisterschaft 2021"]
[Site "Neumünster GER"]
[Date "2021.10.06"]
[Round "7"]
[White "Dohon, Maria-Johanna"]
[Black "Buchinger, Alexis"]
[Result "0-1"]
[Termination "normal"]
[Board "4.7"]
[WhiteElo "1521"]
[BlackElo "1614"]
[WhiteClock "00:12:41"]
[BlackClock "00:43:39"]
[WhiteTeam "Württemberg"]
[BlackTeam "Hessen"]
[PlyCount "58"]
[WhiteFideId "34600957"]
[BlackFideId "16287134"]
[EventCountry "GER"]
[EventRounds "7"]
[EventType "team-swiss"]
[EventDate "2021.10.01"]

1. e4 {[%clk 1:30:59]} c5 {[%clk 1:29:27]} 2. Nf3 {[%clk 1:31:22]} a6 {[%clk
1:29:37]} 3. d4 {[%clk 1:31:31]} cxd4 {[%clk 1:29:57]} 4. Nxd4 {[%clk 1:31:54]}
Nf6 {[%clk 1:30:23]} 5. Nc3 {[%clk 1:31:46]} e5 {[%clk 1:30:44]} 6. Nf3 {[%clk
1:30:22]} Nc6 {[%clk 1:26:01]} 7. a3 {[%clk 1:26:14]} Bc5 {[%clk 1:25:03]} 8.
Bc4 {[%clk 1:22:45]} b5 {[%clk 1:23:39]} 9. Bd3 {[%clk 1:10:43]} Ng4 {[%clk
1:21:42]} 10. O-O {[%clk 1:07:56]} d6 {[%clk 1:13:40]} 11. Qe2 {[%clk 1:03:32]}
Rb8 {[%clk 1:10:39]} 12. Nd5 {[%clk 0:55:59]} Be6 {[%clk 1:04:14]} 13. Bg5
{[%clk 0:52:56]} f6 {[%clk 1:02:11]} 14. Bh4 {[%clk 0:53:14]} g5 {[%clk
1:01:31]} 15. Bg3 {[%clk 0:40:22]} h5 {[%clk 1:01:33]} 16. h4 {[%clk 0:34:42]}
Rg8 {[%clk 0:53:43]} 17. Kh1 {[%clk 0:33:30]} Qd7 {[%clk 0:52:03]} 18. Nh2
{[%clk 0:29:52]} Qf7 {[%clk 0:50:22]} 19. Rad1 {[%clk 0:25:19]} Nd4 {[%clk
0:48:41]} 20. Qe1 {[%clk 0:22:04]} f5 {[%clk 0:43:41]} 21. f3 {[%clk 0:20:58]}
Nxh2 {[%clk 0:43:34]} 22. Kxh2 {[%clk 0:20:22]} f4 {[%clk 0:43:36]} 23. Bf2
{[%clk 0:20:22]} g4 {[%clk 0:42:31]} 24. Bxd4 {[%clk 0:19:26]} g3+ {[%clk
0:42:52]} 25. Kh1 {[%clk 0:19:44]} Bxd4 {[%clk 0:42:25]} 26. Qa5 {[%clk
0:13:03]} Bxd5 {[%clk 0:42:40]} 27. exd5 {[%clk 0:13:02]} Qe7 {[%clk 0:43:00]}
28. Bg6+ {[%clk 0:12:34]} Rxg6 {[%clk 0:43:16]} 29. Rxd4 {[%clk 0:12:41]} Qxh4+
{[%clk 0:43:39]} 0-1